[Event "Madrid-chT 2526"]
[Site "Madrid"]
[Date "2025.11.16"]
[Round "1.2"]
[White "Blanco Diez, David"]
[Black "Almagro Llamas, Pablo"]
[Result "1/2-1/2"]
[WhiteElo "2316"]
[BlackElo "2430"]
[WhiteFideId "-1"]
[WhiteFideId "-1"]
[PlyCount "176"]
[GameId "2244947476809687"]
[EventDate "2025.11.15"]
[EventType "team-tourn"]
[EventRounds "14"]
[EventCountry "ESP"]
[SourceVersionDate "2011.03.15"]
[WhiteTeam "Jaque Mate"]
[BlackTeam "Filantropos Equigoma"]
[WhiteTeamCountry "ESP"]
[BlackTeamCountry "ESP"]

1. Nf3 Nf6 2. g3 e6 3. Bg2 d5 4. O-O Be7 5. c4 O-O 6. b3 b6 7. Bb2 Bb7 8. e3 c5 9. Qe2 Nc6 10. cxd5 Nxd5 11. d4 Ndb4 12. Na3 cxd4 13. Nxd4 Nxd4 14. Bxd4 Bxg2 15. Kxg2 Qd5+ 16. Qf3 Qxf3+ 17. Kxf3 Rac8 18. Rfd1 Rfd8 19. Nb5 Nc6 20. Bb2 a6 21. Nd4 Nb8 22. Rac1 Kf8 23. Ke2 Ke8 24. g4 Rc5 25. Rxc5 Bxc5 26. Rc1 g6 27. Nf3 Nd7 28. Ng5 h6 29. Ne4 Be7 30. Rc7 f5 31. gxf5 exf5 32. Nd2 Nc5 33. Nc4 b5 34. Ne5 Ne4 35. Nd3 Bd6 36. Rg7 Rc8 37. Kd1 Nc3+ 38. Bxc3 Rxc3 39. Kd2 Rc6 40. h3 Kf8 41. Ra7 g5 42. f3 h5 43. Rh7 Be7 44. Rxh5 Kg7 45. f4 gxf4 46. Rxf5 fxe3+ 47. Kxe3 Rh6 48. Rf3 Rh4 49. Ne5 Bc5+ 50. Kd3 Rd4+ 51. Kc2 Re4 52. Nd3 Bb6 53. Nf4 Bc7 54. Nd5 Ba5 55. Kd3 Re1 56. b4 Bd8 57. Kd4 Rd1+ 58. Kc5 Rc1+ 59. Kd6 a5 60. a3 axb4 61. axb4 Bh4 62. Re3 Be1 63. Re4 Kg6 64. Ke6 Rc6+ 65. Kd7 Rc1 66. Ne7+ Kg5 67. h4+ Bxh4 68. Re5+ Kg4 69. Rxb5 Rd1+ 70. Nd5 Be1 71. Ke6 Kf3 72. Rb8 Bxb4 73. Rxb4 Rh1 74. Rf4+ Kg3 75. Rf5 Rh8 76. Nc3 Ra8 77. Ke5 Ra5+ 78. Nd5 Kg4 79. Rf8 Kg5 80. Rc8 Kg4 81. Rc3 Rb5 82. Ke4 Ra5 83. Nf6+ Kg5 84. Nd7 Ra4+ 85. Ke5 Ra5+ 86. Nc5 Kg4 87. Rc1 Kg3 88. Ke6 Ra8 1/2-1/2

[Event "Madrid-chT 2526"]
[Site "Madrid"]
[Date "2025.11.16"]
[Round "1.3"]
[White "Marquez Ruiz, Angel Jesus"]
[Black "Lopez Mijail, Nicolas"]
[Result "1/2-1/2"]
[WhiteElo "2414"]
[BlackElo "2261"]
[WhiteFideId "-1"]
[WhiteFideId "-1"]
[PlyCount "205"]
[GameId "2244955889297892"]
[EventDate "2025.11.15"]
[EventType "team-tourn"]
[EventRounds "14"]
[EventCountry "ESP"]
[SourceVersionDate "2011.03.15"]
[WhiteTeam "Filantropos Equigoma"]
[BlackTeam "Jaque Mate"]
[WhiteTeamCountry "ESP"]
[BlackTeamCountry "ESP"]

1. d4 Nf6 2. Bg5 d5 3. Nd2 c5 4. dxc5 Qa5 5. a3 Qxc5 6. Ngf3 Qb6 7. c4 e6 8. cxd5 exd5 9. Be3 Qd8 10. g3 Nc6 11. Bg2 Be7 12. O-O O-O 13. Rc1 Bf5 14. Nd4 Nxd4 15. Bxd4 Qd7 16. Qb3 b6 17. Nf3 Rac8 18. Ne5 Qb7 19. Nd3 Be4 20. Bh3 Rxc1 21. Rxc1 Nd7 22. Qb5 Rd8 23. Ne5 Nxe5 24. Bxe5 Bf8 25. Rc7 Qa8 26. f3 Bg6 27. Qc6 Qxc6 28. Rxc6 Re8 29. Bd6 d4 30. Bxf8 Kxf8 31. Kf2 d3 32. e3 Re5 33. Rc1 Rh5 34. Kg2 Rb5 35. b4 a5 36. Bd7 Rd5 37. Ba4 axb4 38. axb4 Rd8 39. g4 Ra8 40. Bb5 Ra2+ 41. Kg3 d2 42. Rc8+ Ke7 43. Re8+ Kd6 44. Rd8+ Ke7 45. Rd7+ Ke6 46. Rd4 Rb2 47. Be2 Bb1 48. h4 Ba2 49. Kf4 b5 50. e4 Bc4 51. Bd1 f6 52. Ke3 Rxb4 53. Rxd2 Rb1 54. Kd4 Ke7 55. g5 Be6 56. Bc2 Rh1 57. gxf6+ gxf6 58. Bd3 b4 59. Bc4 Rxh4 60. Bxe6 Kxe6 61. Rb2 f5 62. Rxb4 fxe4 63. fxe4 Rh5 64. Rb6+ Ke7 65. Ke3 Rh3+ 66. Kf4 Rh5 67. Kg4 Re5 68. Kf4 Rh5 69. Ra6 Rb5 70. Rh6 Ra5 71. Rxh7+ Ke6 72. Rh6+ Ke7 73. Rb6 Rc5 74. Ke3 Ra5 75. Rh6 Rb5 76. Ra6 Rc5 77. Kd4 Rh5 78. Ke3 Rh3+ 79. Kf4 Rh5 80. Ra7+ Ke6 81. Rg7 Ra5 82. Rh7 Rb5 83. Rg7 Ra5 84. Rg6+ Kf7 85. Rb6 Ke7 86. Rc6 Kd7 87. Rf6 Ke7 88. Rf5 Rxf5+ 89. exf5 Kf6 90. Kg4 Kf7 91. Kg5 Kg7 92. f6+ Kf7 93. Kf5 Kf8 94. Kg6 Kg8 95. Kf5 Kf7 96. Ke5 Kf8 97. Ke4 Ke8 98. Kf4 Kf8 99. Kg5 Kf7 100. Kf5 Kf8 101. Kg6 Kg8 102. f7+ Kf8 103. Kf6 1/2-1/2

[Event "Madrid-chT 2526"]
[Site "Madrid"]
[Date "2025.11.16"]
[Round "1.4"]
[White "Torres Rebolledo, Victor"]
[Black "Guerrero Vargas, Andres Jesus"]
[Result "1-0"]
[WhiteElo "2220"]
[BlackElo "2292"]
[WhiteFideId "-1"]
[WhiteFideId "-1"]
[PlyCount "81"]
[GameId "2244960105175534"]
[EventDate "2025.11.15"]
[EventType "team-tourn"]
[EventRounds "14"]
[EventCountry "ESP"]
[SourceVersionDate "2011.03.15"]
[WhiteTeam "Jaque Mate"]
[BlackTeam "Filantropos Equigoma"]
[WhiteTeamCountry "ESP"]
[BlackTeamCountry "ESP"]

1. d4 Nf6 2. c4 e6 3. Nc3 Bb4 4. e3 O-O 5. Bd2 d5 6. Nf3 b6 7. cxd5 exd5 8. Rc1 a6 9. Bd3 Nbd7 10. Qb3 c5 11. O-O Bb7 12. Bb1 Ne4 13. dxc5 Nxd2 14. Nxd2 Bxc5 15. Nxd5 Kh8 16. Rfd1 Qh4 17. Ne4 Rab8 18. Nxc5 Nxc5 19. Qb4 Qg5 20. Qf4 Qxf4 21. Nxf4 a5 22. f3 Rbc8 23. Kf2 g6 24. e4 Kg7 25. h4 Ba6 26. Nd5 Na4 27. b3 Nb2 28. Rh1 Rcd8 29. Rc7 h5 30. Ra7 Bb5 31. Rc1 Rd6 32. Rb7 Rfd8 33. Rcc7 Be8 34. a4 Bd7 35. Nxb6 Rd2+ 36. Kg3 Be8 37. Nd5 Rd1 38. Bc2 Rc1 39. b4 Nxa4 40. Bxa4 Rxc7 41. Nxc7 1-0

[Event "Madrid-chT 2526"]
[Site "Madrid"]
[Date "2025.11.16"]
[Round "1.5"]
[White "Fernandez de Bobadilla, Gabriel"]
[Black "Fernandez Estremera, Fernando"]
[Result "1-0"]
[WhiteElo "2151"]
[BlackElo "2168"]
[WhiteFideId "-1"]
[WhiteFideId "-1"]
[PlyCount "97"]
[GameId "2244979279457575"]
[EventDate "2025.11.15"]
[EventType "team-tourn"]
[EventRounds "14"]
[EventCountry "ESP"]
[SourceVersionDate "2011.03.15"]
[WhiteTeam "Filantropos Equigoma"]
[BlackTeam "Jaque Mate"]
[WhiteTeamCountry "ESP"]
[BlackTeamCountry "ESP"]

1. d4 d5 2. c4 e6 3. Nc3 Nf6 4. cxd5 exd5 5. Bg5 Bb4 6. e3 h6 7. Bxf6 Qxf6 8. Qb3 Qd6 9. a3 Bxc3+ 10. Qxc3 Bf5 11. Rc1 c6 12. Nf3 Nd7 13. Bd3 Bxd3 14. Qxd3 O-O 15. O-O Rfe8 16. Rc2 a5 17. Re1 a4 18. Rce2 Re6 19. Qc2 b5 20. Nh4 Qe7 21. Nf5 Qf6 22. h3 Nb6 23. Kh1 Nc4 24. f3 Rae8 25. e4 g6 26. Nxh6+ Kg7 27. e5 Qf4 28. Ng4 Qxd4 29. Qc1 Rh8 30. Rd1 Qa7 31. f4 d4 32. f5 gxf5 33. Qg5+ Rg6 34. Qxf5 Qc5 35. Qf4 Rh4 36. Rxd4 Qe7 37. Qf2 Rh5 38. Rf4 Qe6 39. Kg1 Rhg5 40. Rf6 Qd5 41. e6 Rxg4 42. Rxf7+ Kh6 43. hxg4 Qd1+ 44. Kh2 Qd6+ 45. Qf4+ Qxf4+ 46. Rxf4 Kg5 47. Rf5+ Kxg4 48. e7 Rh6+ 49. Kg1 1-0

[Event "Madrid-chT 2526"]
[Site "Madrid"]
[Date "2025.11.16"]
[Round "1.6"]
[White "Cuadrado Carmona, Javier"]
[Black "Martin Arbeloa, Fernando"]
[Result "1-0"]
[WhiteElo "2163"]
[BlackElo "1945"]
[WhiteFideId "-1"]
[WhiteFideId "-1"]
[PlyCount "95"]
[GameId "2248007455908114"]
[EventDate "2025.11.15"]
[EventType "team-tourn"]
[EventRounds "14"]
[EventCountry "ESP"]
[SourceVersionDate "2011.03.15"]
[WhiteTeam "Jaque Mate"]
[BlackTeam "Filantropos Equigoma"]
[WhiteTeamCountry "ESP"]
[BlackTeamCountry "ESP"]

1. e4 g6 2. d4 Bg7 3. Nf3 c6 4. c4 d5 5. cxd5 cxd5 6. e5 Bg4 7. Be2 e6 8. a3 Ne7 9. Nc3 O-O 10. Bg5 Nbc6 11. b4 Bxf3 12. Bxf3 a6 13. Rc1 Qe8 14. h4 Nf5 15. Ne2 f6 16. exf6 Bxf6 17. Bxf6 Rxf6 18. Qd2 Qe7 19. h5 Rf7 20. Rc3 Qf6 21. Rd3 g5 22. Bg4 Nh6 23. Rf3 Qe7 24. Rg3 Nxg4 25. Rxg4 h6 26. f4 Rg7 27. Rh3 Kh8 28. Rhg3 Rag8 29. fxg5 Rxg5 30. Rxg5 Rxg5 31. Rf3 Rxh5 32. Nf4 Rh1+ 33. Ke2 Qg7 34. Kf2 Qxd4+ 35. Qxd4+ Nxd4 36. Rd3 e5 37. Ng6+ Kg7 38. Nxe5 Nc2 39. Rc3 Nd4 40. Rc7+ Kf6 41. Ng4+ Kg5 42. Rg7+ Kf4 43. Ne3 Rh5 44. Rxb7 Re5 45. Rd7 Rxe3 46. Rf7+ Nf5 47. Rxf5+ Ke4 48. Re5+ 1-0

[Event "Madrid-chT 2526"]
[Site "Madrid"]
[Date "2025.11.22"]
[Round "2.1"]
[White "Quispe Arteaga, Gabriel"]
[Black "Marquez Ruiz, Angel Jesus"]
[Result "1/2-1/2"]
[WhiteElo "2425"]
[BlackElo "2414"]
[WhiteFideId "-1"]
[WhiteFideId "-1"]
[PlyCount "35"]
[GameId "2248007455908115"]
[EventDate "2025.11.15"]
[EventType "team-tourn"]
[EventRounds "14"]
[EventCountry "ESP"]
[SourceVersionDate "2011.03.15"]
[WhiteTeam "Villalba 64"]
[BlackTeam "Filantropos Equigoma"]
[WhiteTeamCountry "ESP"]
[BlackTeamCountry "ESP"]

1. Nf3 c5 2. c4 g6 3. g3 Bg7 4. Bg2 Nc6 5. O-O Nf6 6. Nc3 O-O 7. d4 cxd4 8. Nxd4 Nxd4 9. Qxd4 d6 10. Qd3 a6 11. b3 Rb8 12. Bb2 b5 13. cxb5 axb5 14. Nd5 Nxd5 15. Bxg7 Kxg7 16. Qxd5 b4 17. Rac1 Kg8 18. h4 1/2-1/2

[Event "Madrid-chT 2526"]
[Site "Madrid"]
[Date "2025.11.22"]
[Round "2.2"]
[White "Martinez Martin, David"]
[Black "Ubilava, Elizbar"]
[Result "0-1"]
[WhiteElo "2369"]
[BlackElo "2375"]
[WhiteFideId "-1"]
[WhiteFideId "-1"]
[PlyCount "64"]
[GameId "2247128737955930"]
[EventDate "2025.11.15"]
[EventType "team-tourn"]
[EventRounds "14"]
[EventCountry "ESP"]
[SourceVersionDate "2011.03.15"]
[WhiteTeam "Filantropos Equigoma"]
[BlackTeam "Villalba 64"]
[WhiteTeamCountry "ESP"]
[BlackTeamCountry "ESP"]

1. d4 Nf6 2. c4 e6 3. Nc3 Bb4 4. e3 c5 5. Nge2 b6 6. a3 Ba5 7. Rb1 Na6 8. f3 O-O 9. Kf2 d5 10. cxd5 exd5 11. Ng3 Bxc3 12. bxc3 Nc7 13. Bd3 Re8 14. Re1 h5 15. dxc5 bxc5 16. c4 Be6 17. cxd5 Ncxd5 18. Bb2 h4 19. Ne4 c4 20. Nxf6+ Nxf6 21. Bf1 Qc7 22. Kg1 Rab8 23. Qc2 Qc5 24. Bd4 Qa5 25. Qc3 Qxc3 26. Bxc3 Rb3 27. Rxb3 cxb3 28. e4 Rc8 29. Rc1 Nd7 30. Ba6 Rc7 31. Bb5 Ne5 32. Kf2 Rxc3 0-1

[Event "Madrid-chT 2526"]
[Site "Madrid"]
[Date "2025.11.22"]
[Round "2.3"]
[White "Duran Vega, Sergio"]
[Black "Guerrero Vargas, Andres Jesus"]
[Result "1-0"]
[WhiteElo "2349"]
[BlackElo "2292"]
[WhiteFideId "-1"]
[WhiteFideId "-1"]
[PlyCount "107"]
[GameId "2247137485137862"]
[EventDate "2025.11.15"]
[EventType "team-tourn"]
[EventRounds "14"]
[EventCountry "ESP"]
[SourceVersionDate "2011.03.15"]
[WhiteTeam "Villalba 64"]
[BlackTeam "Filantropos Equigoma"]
[WhiteTeamCountry "ESP"]
[BlackTeamCountry "ESP"]

1. d4 Nf6 2. Nf3 g6 3. g3 Bg7 4. Bg2 O-O 5. O-O d6 6. Nc3 Bf5 7. h3 Ne4 8. Ng5 Nxc3 9. bxc3 Nc6 10. f4 d5 11. Rb1 h6 12. e4 dxe4 13. Nxe4 Na5 14. g4 Be6 15. f5 Bc4 16. Rf2 Bd5 17. Qd3 g5 18. h4 f6 19. Nc5 Bxg2 20. Rxg2 Qd5 21. a4 Rf7 22. Ne6 Qa2 23. Qb5 a6 24. Qb2 Qd5 25. h5 Rb8 26. Bd2 b5 27. Qb4 Nc4 28. Qc5 Qe4 29. Re1 Qxc2 30. Qxc7 Re8 31. Qc6 Rb8 32. Qc7 Re8 33. Qc6 Rb8 34. Bxg5 Qxc3 35. Rc1 Qh3 36. Bf4 Qb3 37. Rxc4 bxc4 38. Bxb8 Qb1+ 39. Kf2 Qb2+ 40. Kf3 Qb3+ 41. Ke4 Qb1+ 42. Kd5 Qb3 43. Bf4 c3+ 44. Ke4 Qb1+ 45. Kf3 Qd3+ 46. Be3 Qf1+ 47. Kg3 Qe1+ 48. Bf2 Qd2 49. Bg1 Qe1+ 50. Kh3 Bf8 51. Rg3 Qf1+ 52. Kh2 Qe2+ 53. Qg2 Qc4 54. Qc2 1-0

[Event "Madrid-chT 2526"]
[Site "Madrid"]
[Date "2025.11.22"]
[Round "2.4"]
[White "Grabuzova, Tatiana"]
[Black "Veganzonez Rojo, David"]
[Result "0-1"]
[WhiteElo "2194"]
[BlackElo "2109"]
[WhiteFideId "-1"]
[WhiteFideId "-1"]
[PlyCount "117"]
[GameId "2247150106689437"]
[EventDate "2025.11.15"]
[EventType "team-tourn"]
[EventRounds "14"]
[EventCountry "ESP"]
[SourceVersionDate "2011.03.15"]
[WhiteTeam "Filantropos Equigoma"]
[BlackTeam "Villalba 64"]
[WhiteTeamCountry "ESP"]
[BlackTeamCountry "ESP"]

1. d4 d5 2. c4 e6 3. Nc3 Nf6 4. cxd5 Nxd5 5. e4 Nxc3 6. bxc3 c5 7. Rb1 Be7 8. Nf3 O-O 9. h4 b6 10. h5 h6 11. Rh3 Bb7 12. Rg3 Kh8 13. e5 cxd4 14. cxd4 Nc6 15. Be3 Qd5 16. Be2 Rac8 17. Kf1 Rfd8 18. Qd2 Qa5 19. Bxh6 Qxd2 20. Bxd2 Nxd4 21. Nxd4 Rxd4 22. Rd3 Rxd3 23. Bxd3 Rd8 24. Ke2 Bxg2 25. Ba6 Bf3+ 26. Kxf3 Rxd2 27. a4 Bc5 28. Be2 Ra2 29. Rd1 Rxa4 30. Rd8+ Kh7 31. Bd3+ Kh6 32. Rh8+ Kg5 33. Rg8 Rf4+ 34. Kg3 Bxf2+ 35. Kg2 Kh4 36. Rxg7 Bd4 37. h6 Bxe5 38. Be2 Bxg7 39. hxg7 Rf5 40. g8=Q Rg5+ 41. Qxg5+ Kxg5 42. Kf3 Kf5 43. Ke3 Ke5 44. Bf3 b5 45. Bc6 a6 46. Kd3 f5 47. Kc3 Kd6 48. Be8 e5 49. Bg6 Ke6 50. Be8 Kd5 51. Bf7+ Ke4 52. Bg6 Kf4 53. Kd3 a5 54. Be8 e4+ 55. Kd4 b4 56. Ba4 Kf3 57. Bd7 e3 58. Kd3 Kf2 59. Bxf5 0-1

[Event "Madrid-chT 2526"]
[Site "Madrid"]
[Date "2025.11.22"]
[Round "2.5"]
[White "Gutierrez Diaz, Pablo"]
[Black "Unciti Juan, Javier"]
[Result "1-0"]
[WhiteElo "2037"]
[BlackElo "2003"]
[WhiteFideId "-1"]
[WhiteFideId "-1"]
[PlyCount "120"]
[GameId "2247153396248487"]
[EventDate "2025.11.15"]
[EventType "team-tourn"]
[EventRounds "14"]
[EventCountry "ESP"]
[SourceVersionDate "2011.03.15"]
[WhiteTeam "Villalba 64"]
[BlackTeam "Filantropos Equigoma"]
[WhiteTeamCountry "ESP"]
[BlackTeamCountry "ESP"]

1. e4 e6 2. d4 d5 3. e5 c5 4. c3 Nc6 5. Nf3 Bd7 6. Bd3 Qc7 7. O-O cxd4 8. cxd4 Nb4 9. Nc3 Nxd3 10. Qxd3 Be7 11. Bd2 Nh6 12. Rfc1 Qb6 13. a4 a6 14. a5 Qd8 15. b4 Nf5 16. Na4 Bxa4 17. Rxa4 Qd7 18. Ra2 O-O 19. Rac2 Rfc8 20. g4 Nh6 21. h3 Rxc2 22. Qxc2 Qb5 23. Qc7 Bxb4 24. Rb1 Bxa5 25. Rxb5 Bxc7 26. Rxb7 Bd8 27. Bb4 a5 28. Ba3 a4 29. Kf1 f6 30. Ne1 fxe5 31. dxe5 g5 32. Nd3 Nf7 33. Ke2 Rc8 34. Bb4 Ra8 35. Ba3 Ba5 36. Bb2 Rc8 37. Ra7 Rc2+ 38. Kf1 Bb6 39. Rxa4 Rd2 40. Rb4 Bc7 41. Rb3 Rc2 42. Bc3 Nd8 43. Ra3 Nc6 44. Ne1 Rc1 45. Bd2 Rb1 46. Rc3 Rb6 47. Nf3 h6 48. Nd4 Bxe5 49. Rxc6 Bxd4 50. Rc7 Rb2 51. Be1 Kf8 52. Rh7 Rb1 53. Rxh6 Kf7 54. Ke2 Bg7 55. Rh5 Kg6 56. Bd2 Bf6 57. h4 gxh4 58. Rh6+ Kg7 59. g5 Ba1 60. Rxh4 e5 1-0

[Event "Madrid-chT 2526"]
[Site "Madrid"]
[Date "2025.11.22"]
[Round "2.6"]
[White "Avila Fraire, Ameyalli"]
[Black "Torres Torres, George Maycol"]
[Result "0-1"]
[WhiteElo "1981"]
[BlackElo "1990"]
[WhiteFideId "-1"]
[WhiteFideId "-1"]
[PlyCount "120"]
[GameId "2247158182354895"]
[EventDate "2025.11.15"]
[EventType "team-tourn"]
[EventRounds "14"]
[EventCountry "ESP"]
[SourceVersionDate "2011.03.15"]
[WhiteTeam "Filantropos Equigoma"]
[BlackTeam "Villalba 64"]
[WhiteTeamCountry "ESP"]
[BlackTeamCountry "ESP"]

1. e4 e5 2. Nf3 Nc6 3. Bc4 Bc5 4. d3 h6 5. O-O d6 6. a4 Nf6 7. Be3 Bxe3 8. fxe3 O-O 9. Nbd2 Be6 10. Qe1 Bxc4 11. Nxc4 Re8 12. Qg3 Qd7 13. h3 Kh7 14. Nh4 Ne7 15. Rf2 Ng6 16. Nf5 Rg8 17. Raf1 Raf8 18. h4 Ne7 19. Nd2 Nh5 20. Qf3 Nxf5 21. exf5 Nf6 22. b3 c6 23. Ne4 Nxe4 24. Qxe4 f6 25. Qg4 Qf7 26. h5 d5 27. Re1 Re8 28. e4 d4 29. Rf3 Rh8 30. Rg3 Kg8 31. Qe2 Kf8 32. Rg6 Qe7 33. Qd2 b6 34. Rf1 a5 35. Rf3 Qb4 36. Qf2 Kf7 37. Qg3 Reg8 38. Rf1 Qc3 39. Qf2 Ra8 40. Qg3 Rhg8 41. Qf2 b5 42. Rb1 Rgb8 43. axb5 cxb5 44. Qe2 a4 45. bxa4 bxa4 46. Qd1 a3 47. Ra1 Rb2 48. Kh2 a2 49. Rg3 Qxc2 50. Qe1 Qd2 51. Qf1 Rab8 52. Qf3 Qe2 53. Rxg7+ Kxg7 54. Qg3+ Kf8 55. Qg6 Qxg2+ 56. Qxg2 Rxg2+ 57. Kxg2 Rb2+ 58. Kf3 Ke7 59. Kg4 Kd6 60. Kf3 Kc5 0-1

[Event "Madrid-chT 2526"]
[Site "Madrid"]
[Date "2025.11.22"]
[Round "2.1"]
[White "Alvarez Calzadilla, Jose Avelino"]
[Black "Centeno Mendoza, Julio Stefano"]
[Result "1-0"]
[WhiteElo "2420"]
[BlackElo "2154"]
[WhiteFideId "-1"]
[WhiteFideId "-1"]
[PlyCount "79"]
[GameId "2248007455908116"]
[EventDate "2025.11.15"]
[EventType "team-tourn"]
[EventRounds "14"]
[EventCountry "ESP"]
[SourceVersionDate "2011.03.15"]
[WhiteTeam "Blanco y Negro"]
[BlackTeam "Collado Villalba"]
[WhiteTeamCountry "ESP"]
[BlackTeamCountry "ESP"]

1. e4 e5 2. Nf3 Nc6 3. Bb5 a6 4. Ba4 Nf6 5. d3 b5 6. Bb3 Be7 7. O-O d6 8. a3 O-O 9. Nc3 Bg4 10. Be3 Nd4 11. Bxd4 exd4 12. Nd5 Nxd5 13. Bxd5 Rc8 14. Bc6 Bf6 15. a4 Rb8 16. axb5 axb5 17. Ra6 Qc8 18. Ra5 Bd7 19. Bxd7 Qxd7 20. Qd2 Qc6 21. Rfa1 Ra8 22. b4 h6 23. h4 Rxa5 24. bxa5 Ra8 25. g3 Ra6 26. Rb1 Qc5 27. Kg2 c6 28. Re1 Bd8 29. Qf4 Bxa5 30. Ra1 Ra7 31. Qg4 Bb6 32. Qc8+ Kh7 33. Rh1 Rc7 34. Qe8 g6 35. Qf8 f6 36. Qxf6 Rg7 37. Ng5+ hxg5 38. hxg5+ Kg8 39. Qe6+ Rf7 40. Qe8+ 1-0

[Event "Madrid-chT 2526"]
[Site "Madrid"]
[Date "2025.11.22"]
[Round "2.2"]
[White "Cepeda Delgado, Camilo Jose"]
[Black "Martinez Reyes, Pedro Ramon"]
[Result "0-1"]
[WhiteElo "2111"]
[BlackElo "2374"]
[WhiteFideId "-1"]
[WhiteFideId "-1"]
[PlyCount "100"]
[GameId "2248007455908117"]
[EventDate "2025.11.15"]
[EventType "team-tourn"]
[EventRounds "14"]
[EventCountry "ESP"]
[SourceVersionDate "2011.03.15"]
[WhiteTeam "Collado Villalba"]
[BlackTeam "Blanco y Negro"]
[WhiteTeamCountry "ESP"]
[BlackTeamCountry "ESP"]

1. d4 Nf6 2. c4 e6 3. Nc3 Bb4 4. Qb3 c5 5. dxc5 Na6 6. Nf3 Ne4 7. Bd2 Nxd2 8. Nxd2 Qa5 9. e3 Nxc5 10. Qc2 Bxc3 11. Qxc3 Qxc3 12. bxc3 b6 13. Be2 Bb7 14. O-O Ke7 15. a4 Bc6 16. a5 Rhb8 17. Bf3 Kd6 18. Rfb1 bxa5 19. Rd1 Kc7 20. Rxa5 d6 21. Bxc6 Kxc6 22. Nf3 a6 23. Nd4+ Kc7 24. f3 Rb2 25. Nb5+ Kb6 26. Ra3 Rd8 27. Rxd6+ Rxd6 28. Nxd6 f5 29. Nf7 a5 30. Nd6 a4 31. e4 Rd2 32. Nb5 fxe4 33. fxe4 Re2 34. Ra1 Rxe4 35. Rb1 Re5 36. Nd4+ Kc7 37. Rb5 Nd3 38. Rxe5 Nxe5 39. Kf2 Kd6 40. Ke2 Nxc4 41. Nc2 Kd5 42. Nb4+ Ke4 43. Nc2 e5 44. Nb4 h5 45. Nd3 a3 46. Nc5+ Kd5 47. Nb3 e4 48. Nc1 Nb2 49. Kd2 Kc4 50. Kc2 Nd3 0-1

[Event "Madrid-chT 2526"]
[Site "Madrid"]
[Date "2025.11.22"]
[Round "2.3"]
[White "Taboas Rodriguez, Daniel"]
[Black "Cancio Bello Ayes, Flavia"]
[Result "0-1"]
[WhiteElo "2349"]
[BlackElo "2048"]
[WhiteFideId "-1"]
[WhiteFideId "-1"]
[PlyCount "54"]
[GameId "2247753719419276"]
[EventDate "2025.11.15"]
[EventType "team-tourn"]
[EventRounds "14"]
[EventCountry "ESP"]
[SourceVersionDate "2011.03.15"]
[WhiteTeam "Blanco y Negro"]
[BlackTeam "Collado Villalba"]
[WhiteTeamCountry "ESP"]
[BlackTeamCountry "ESP"]

1. d4 d5 2. c4 e6 3. Nc3 Nf6 4. Bg5 Be7 5. e3 Nbd7 6. Nf3 O-O 7. Rc1 dxc4 8. Bxc4 b6 9. O-O Bb7 10. Qe2 Nd5 11. Nxd5 exd5 12. Bxe7 Qxe7 13. Bb5 Rfc8 14. Bc6 Bxc6 15. Rxc6 Nb8 16. Rc2 Nd7 17. Rfc1 c5 18. dxc5 bxc5 19. Nd4 g6 20. Qb5 Qd6 21. Nb3 c4 22. Nd4 Ne5 23. b3 a5 24. Rd1 Rcb8 25. Qa4 Rb4 26. Qa3 cxb3 27. axb3 Rxd4 0-1

[Event "Madrid-chT 2526"]
[Site "Madrid"]
[Date "2025.11.22"]
[Round "2.4"]
[White "Blanco Garcia, Liliam Barbara"]
[Black "Pinto, Daniel"]
[Result "0-1"]
[WhiteElo "2046"]
[BlackElo "2316"]
[WhiteFideId "-1"]
[WhiteFideId "-1"]
[PlyCount "98"]
[GameId "2248007455908118"]
[EventDate "2025.11.15"]
[EventType "team-tourn"]
[EventRounds "14"]
[EventCountry "ESP"]
[SourceVersionDate "2011.03.15"]
[WhiteTeam "Collado Villalba"]
[BlackTeam "Blanco y Negro"]
[WhiteTeamCountry "ESP"]
[BlackTeamCountry "ESP"]

1. e4 c5 2. c3 g6 3. d4 cxd4 4. cxd4 d5 5. e5 Bg7 6. Nc3 Nc6 7. h3 Nh6 8. Nf3 O-O 9. Qb3 Nf5 10. Be3 Nxe3 11. fxe3 e6 12. Bd3 Bh6 13. Nd1 Qa5+ 14. Kf2 Qb4 15. Qxb4 Nxb4 16. Bb1 Bd7 17. a3 Nc6 18. b4 f6 19. exf6 Rxf6 20. Ba2 b5 21. Nb2 a5 22. Nd3 axb4 23. axb4 Ra3 24. Rhd1 Rf8 25. g4 Rfa8 26. Rd2 Nxb4 27. Nxb4 Bxe3+ 28. Ke2 Bxd2 29. Nxd2 R3a4 30. Rb1 Rxb4 31. Rxb4 Rxa2 32. Kd3 g5 33. Kc3 Be8 34. Nf3 h6 35. Rb2 Rxb2 36. Kxb2 Bg6 37. Ne5 Be4 38. Kc3 Bg2 39. Kb4 Bf1 40. Kc5 Kg7 41. Kb4 h5 42. Nf3 Bxh3 43. gxh5 Kh6 44. Kxb5 Kxh5 45. Kc5 Bf5 46. Kd6 Kg4 47. Ng1 Kg3 48. Ne2+ Kf2 49. Nc3 g4 0-1

[Event "Madrid-chT 2526"]
[Site "Madrid"]
[Date "2025.11.22"]
[Round "2.5"]
[White "Hidalgo Duque, Carlos"]
[Black "Cao Armillas, Jesus"]
[Result "1/2-1/2"]
[WhiteElo "2304"]
[BlackElo "2012"]
[WhiteFideId "-1"]
[WhiteFideId "-1"]
[PlyCount "82"]
[GameId "2247859600199726"]
[EventDate "2025.11.15"]
[EventType "team-tourn"]
[EventRounds "14"]
[EventCountry "ESP"]
[SourceVersionDate "2011.03.15"]
[WhiteTeam "Blanco y Negro"]
[BlackTeam "Collado Villalba"]
[WhiteTeamCountry "ESP"]
[BlackTeamCountry "ESP"]

1. Nf3 Nf6 2. c4 c5 3. g3 d5 4. cxd5 Nxd5 5. Bg2 Nc6 6. d4 e6 7. O-O Be7 8. dxc5 O-O 9. a3 Bxc5 10. b4 Be7 11. Bb2 Bf6 12. Qc2 Bd7 13. Nbd2 Rc8 14. Bxf6 Nxf6 15. Qb2 Qe7 16. Rac1 Rfd8 17. b5 Nb8 18. Ne5 Be8 19. a4 Nd5 20. Rxc8 Rxc8 21. Rc1 Rxc1+ 22. Qxc1 Nd7 23. Nd3 Qd8 24. Ne4 Qb8 25. Qa3 a6 26. Qd6 axb5 27. axb5 b6 28. Nf4 Nxf4 29. gxf4 Qxd6 30. Nxd6 Kf8 31. Bc6 Ke7 32. Nc4 Kd8 33. e4 Nc5 34. Bxe8 Kxe8 35. f3 Nd7 36. Kf2 f6 37. Ke3 Kd8 38. Kd4 Kc7 39. Ne3 Kd6 40. Nc4+ Kc7 41. Ne3 Kd6 1/2-1/2

[Event "Madrid-chT 2526"]
[Site "Madrid"]
[Date "2025.11.22"]
[Round "2.6"]
[White "Semprun Martinez, Fernando M"]
[Black "Alarcia Astiz, Carlos"]
[Result "1/2-1/2"]
[WhiteElo "2004"]
[BlackElo "2241"]
[WhiteFideId "-1"]
[WhiteFideId "-1"]
[PlyCount "88"]
[GameId "2247861097025589"]
[EventDate "2025.11.15"]
[EventType "team-tourn"]
[EventRounds "14"]
[EventCountry "ESP"]
[SourceVersionDate "2011.03.15"]
[WhiteTeam "Collado Villalba"]
[BlackTeam "Blanco y Negro"]
[WhiteTeamCountry "ESP"]
[BlackTeamCountry "ESP"]

1. e4 c6 2. d4 d5 3. e5 Bf5 4. Nf3 e6 5. Be2 Ne7 6. O-O Bg6 7. Nbd2 Nd7 8. Nb3 Nf5 9. a4 a6 10. a5 c5 11. c3 Rc8 12. Bg5 Be7 13. Bxe7 Qxe7 14. Nxc5 Nxc5 15. dxc5 Qxc5 16. Qa4+ Qc6 17. Qxc6+ Rxc6 18. Ra4 Kd7 19. Rb4 Kc8 20. g4 Ne7 21. Nd4 Rc5 22. f4 Be4 23. f5 exf5 24. gxf5 Nc6 25. Nb3 Nxb4 26. Nxc5 Nc6 27. e6 f6 28. b4 Ne7 29. Bd3 Bxd3 30. Nxd3 Rd8 31. Rf4 Kc7 32. Kf2 Kc6 33. Ke2 Rf8 34. Nc5 Rd8 35. Kd3 Rc8 36. Nb3 Kd6 37. Nd4 Ke5 38. Rf1 Rh8 39. Re1+ Kd6 40. b5 axb5 41. Nxb5+ Kc6 42. Nd4+ Kc7 43. Nb5+ Kb8 44. Nd4 Kc7 1/2-1/2